The noble scholar, jurist, historian


 His Excellency Dr. Abdul Wahhab bin Ibrahim Abu Sulaiman, may Allah have mercy on him.


 He was born in Umm Al-Qura in the year 1356 AH.

الحياة العلمية في العراق خلال العصر البويهي 334-447 هـ / 945-1055 م / (Record no. 10483)

MARC details
000 -LEADER
fixed length control field 01345cam a22003131i 4500
003 - CONTROL NUMBER IDENTIFIER
control field SA-RiAUC
005 - DATE AND TIME OF LATEST TRANSACTION
control field 20250803064125.0
008 - FIXED-LENGTH DATA ELEMENTS--GENERAL INFORMATION
fixed length control field 250724s1997 su f b f000 0 ara c
020 ## - INTERNATIONAL STANDARD BOOK NUMBER
International Standard Book Number 9960032485
040 ## - CATALOGING SOURCE
Original cataloging agency SA-JeALM
Language of cataloging ara
Transcribing agency SA-RiAUC
Description conventions rda
043 ## - GEOGRAPHIC AREA CODE
Geographic area code a-iq---
050 #4 - LIBRARY OF CONGRESS CALL NUMBER
Item number M38 1997
082 04 - DEWEY DECIMAL CLASSIFICATION NUMBER
Classification number 956.7
090 ## - LOCALLY ASSIGNED LC-TYPE CALL NUMBER (OCLC); LOCAL CALL NUMBER (RLIN)
Classification number (OCLC) (R) ; Classification number, CALL (RLIN) (NR) 956.7
Local cutter number (OCLC) ; Book number/undivided call number, CALL (RLIN) م ع ت
100 1# - MAIN ENTRY--PERSONAL NAME
Personal name معتوق، رشاد عباس حسين،
Dates associated with a name 1370-1436 هجري
Relator term مؤلف.
245 12 - TITLE STATEMENT
Title الحياة العلمية في العراق خلال العصر البويهي 334-447 هـ / 945-1055 م /
Statement of responsibility, etc. رشاد بن عباس معتوق.
264 #1 - PRODUCTION, PUBLICATION, DISTRIBUTION, MANUFACTURE, AND COPYRIGHT NOTICE
Place of production, publication, distribution, manufacture مكة المكرمة :
Name of producer, publisher, distributor, manufacturer جامعة أم القرى،
Date of production, publication, distribution, manufacture, or copyright notice 1997
300 ## - PHYSICAL DESCRIPTION
Extent 447 صفحة ؛
Dimensions 24 سم.
336 ## - CONTENT TYPE
Content type term نص
Content type code txt
Source rdacontent
Materials specified كتاب
337 ## - MEDIA TYPE
Media type term بدون وسيط
Media type code n
Source rdamedia
338 ## - CARRIER TYPE
Carrier type term مجلد
Carrier type code nc
Source rdacarrier
490 0# - SERIES STATEMENT
Series statement سلسلة الرسائل العلمية الموصى بطبعها / جامعة أم القرى (مكة المكرمة) ؛
Volume/sequential designation 15
504 ## - BIBLIOGRAPHY, ETC. NOTE
Bibliography, etc. note يشتمل على إرجاعات ببليوجرافية.
650 #7 - SUBJECT ADDED ENTRY--TOPICAL TERM
Topical term or geographic name entry element العلوم عند العرب
Source of heading or term aucsh
650 #7 - SUBJECT ADDED ENTRY--TOPICAL TERM
Topical term or geographic name entry element العلوم
Geographic subdivision العراق
General subdivision تاريخ
Source of heading or term aucsh
651 #7 - SUBJECT ADDED ENTRY--GEOGRAPHIC NAME
Geographic name العراق
General subdivision تاريخ
Chronological subdivision العصر البويهي، 945-1055
Source of heading or term aucsh
942 ## - ADDED ENTRY ELEMENTS (KOHA)
Source of classification or shelving scheme Dewey Decimal Classification
Koha item type Books
Suppress in OPAC No
949 ## - LOCAL PROCESSING INFORMATION (OCLC)
a SA-JeALM
d 250724
u osman123
n 1
Holdings
Withdrawn status Lost status Source of classification or shelving scheme Damaged status Not for loan Home library Current library Date acquired Total checkouts Full call number Barcode Date last seen Price effective from Koha item type
    Dewey Decimal Classification     DR AbdElwahab Library DR AbdElwahab Library 08/03/2025   956.7 م ع ت 000017044 08/03/2025 08/03/2025 Books